| 000 | 01153pam a2200313 a 4500 | ||
|---|---|---|---|
| 001 | 1843265 | ||
| 003 | OSt | ||
| 005 | 20160414170451.0 | ||
| 008 | 810922s1982 enka b 001 0 eng | ||
| 010 | _a 81017029 | ||
| 020 | _a0521246008 | ||
| 020 | _a0521288126 (pbk.) | ||
| 040 |
_aDLC _cDLC _dDLC |
||
| 050 | 0 | 0 |
_aQC7 _b.H257 |
| 082 | 0 | 0 |
_a530.01 _219 _bHAR 1982 |
| 100 | 1 |
_aHarman, P. M. _q(Peter Michael), _d1943- _97963 |
|
| 245 | 1 | 0 |
_aEnergy, force, and matter : _bthe conceptual development of nineteenth-century physics / _cP.M. Harman. |
| 260 |
_aCambridge ; _aNew York : _bCambridge University Press, _c1982. |
||
| 300 |
_aix, 182 p. : _bill. ; _c22 cm. |
||
| 440 | 0 |
_aCambridge history of science _97964 |
|
| 500 | _aIncludes index. | ||
| 504 | _aBibliography: p. 156-176. | ||
| 650 | 0 |
_aPhysics _xHistory. _97965 |
|
| 650 | 0 |
_aForce and energy _xHistory. _97966 |
|
| 856 | 4 | 2 |
_3Publisher description _uhttp://www.loc.gov/catdir/description/cam032/81017029.html |
| 856 | 4 | 1 |
_3Table of contents only _uhttp://www.loc.gov/catdir/enhancements/fy0632/81017029-t.html |
| 906 |
_a7 _bcbc _corignew _d1 _eocip _f19 _gy-gencatlg |
||
| 942 |
_2ddc _cSLOAN |
||
| 999 |
_c3561 _d3561 |
||